Najradšej by sme na neho rýchlo zabudli krátko o udalostiach na kapitálových trhoch v uplynulom roku a skromných očakávaniach v tom aktuálnom

Bibliographic Details
Main Author: Znášik, Peter (Author)
Format: Article
Language:Slovak
PhysicalDescription:Grafy
ISSN:1335-8235
Subjects:

MARC

LEADER 00000nab a2200000 a 4500
001 vtls009487874
003 SK-MaSNL
005 20260304150854.0
008 250506c2009 xo mr|p|||||||000 b|slo
015 |a SNBRB2009/03  |2 snkbucl 
035 |a (uuid)1b12b698-77ec-456b-9b9b-f8a2efcdd1df 
035 |a urn:nbn:sk:snk-ab1grv 
035 |a (urnnbn)urn:nbn:sk:snk:ar-003ocj 
038 |a SNKBUCL 
040 |a SNKBUCL  |b slo  |c SNKBUCL  |e AACR2 
041 0 |a slo 
044 |a xo  |c SK 
080 |a 336.76  |x (100)  |2 2001 
100 1 |a Znášik, Peter  |4 aut  |9 667317 
245 1 0 |a Najradšej by sme na neho rýchlo zabudli  |b krátko o udalostiach na kapitálových trhoch v uplynulom roku a skromných očakávaniach v tom aktuálnom  |c Peter Znášik 
300 |b Grafy 
650 0 7 |a akciové trhy  |2 snkbucl  |9 771338 
773 0 |t Investor  |g Roč. X., január (2009), s. 30-31  |x 1335-8235 
850 |a Slovenská národná knižnica 
852 |a Slovenská národná knižnica 
954 |a odborná, vedecká literatúra pôvodná (slovenská)  |2 lita 
958 |a article2022 
958 |a OND 
958 |a EUIPO 
999 |c 2940130  |d 2942060